Исследование влияния периода смены кадров видеокамеры на погрешность оптического контроля частоты вибрации объекта, основанного на стробоскопическом эффекте; Современные техника и технологии; Т. 1
| Parent link: | Современные техника и технологии: сборник трудов XVI Международной научно-практической конференции студентов, аспирантов и молодых ученых, Томск, 12-16 апреля 2010 г/ Национальный исследовательский Томский политехнический университет (ТПУ).— , 2010 Т. 1.— 2010.— [С. 204-205] |
|---|---|
| 1. Verfasser: | |
| Weitere Verfasser: | |
| Zusammenfassung: | Заглавие с титульного листа Электронная версия печатной публикации |
| Sprache: | Russisch |
| Veröffentlicht: |
2010
|
| Schlagworte: | |
| Online-Zugang: | http://www.lib.tpu.ru/fulltext/v/Conferences/2010/K04/104102.pdf |
| Format: | Elektronisch Buchkapitel |
| KOHA link: | https://koha.lib.tpu.ru/cgi-bin/koha/opac-detail.pl?biblionumber=227079 |
MARC
| LEADER | 00000nla2a2200000 4500 | ||
|---|---|---|---|
| 001 | 227079 | ||
| 005 | 20231031201257.0 | ||
| 035 | |a (RuTPU)RU\TPU\book\247477 | ||
| 035 | |a RU\TPU\book\247475 | ||
| 090 | |a 227079 | ||
| 100 | |a 20121130d2010 k y0rusy50 ca | ||
| 101 | 0 | |a rus | |
| 102 | |a RU | ||
| 105 | |a y z 101zy | ||
| 135 | |a drnn ---uucaa | ||
| 181 | 0 | |a i | |
| 182 | 0 | |a b | |
| 200 | 1 | |a Исследование влияния периода смены кадров видеокамеры на погрешность оптического контроля частоты вибрации объекта, основанного на стробоскопическом эффекте |b Электронный ресурс |f Е. А. Зрюмов, П. А. Зрюмов | |
| 203 | |a Текст |c электронный | ||
| 215 | |a 1 файл (473 Кб) | ||
| 230 | |a Электронные текстовые данные (1 файл : 473 Кб) | ||
| 300 | |a Заглавие с титульного листа | ||
| 300 | |a Электронная версия печатной публикации | ||
| 337 | |a Adobe Reader | ||
| 461 | 0 | |0 (RuTPU)RU\TPU\book\245271 |t Современные техника и технологии |o сборник трудов XVI Международной научно-практической конференции студентов, аспирантов и молодых ученых, Томск, 12-16 апреля 2010 г |o в 3 т. |f Национальный исследовательский Томский политехнический университет (ТПУ) |d 2010 | |
| 463 | 0 | |0 (RuTPU)RU\TPU\book\245275 |t Т. 1 |v [С. 204-205] |d 2010 |p [511 с.] | |
| 610 | 1 | |a видеокамеры | |
| 610 | 1 | |a оптический контроль | |
| 610 | 1 | |a погрешности | |
| 610 | 1 | |a вибрация | |
| 610 | 1 | |a частота | |
| 610 | 1 | |a вычисления | |
| 610 | 1 | |a коэффициенты | |
| 610 | 1 | |a стробоскопия | |
| 610 | 1 | |a эффекты | |
| 610 | 1 | |a электронный ресурс | |
| 700 | 1 | |a Зрюмов |b Е. А. | |
| 701 | 1 | |a Зрюмов |b П. А. | |
| 801 | 1 | |a RU |b 63413507 |c 20121116 | |
| 801 | 2 | |a RU |b 63413507 |c 20130425 |g RCR | |
| 856 | 4 | |u http://www.lib.tpu.ru/fulltext/v/Conferences/2010/K04/104102.pdf | |
| 942 | |c CF | ||